000
00257nam a22001217a 4500
003
SGT
082
_a
617.51
_b
O13K
100
_a
KIRTANE, MILIND
245
_a
OTOLOGY AND NEUROLOGY
260
_a
NEW YORK
_b
THIEME
_c
2013
300
_a
498
942
_2
ddc
_c
BK
999
_c
14876
_d
14876